Tipos de personalidad: el anagrama para descubrirse a sí mismo
Сохранить в:
| Главный автор: | |
|---|---|
| Формат: | |
| Язык: | испанский |
| Опубликовано: |
Santiago
Cuatro Vientos
1993
|
| Предметы: | |
| Метки: |
Добавить метку
Нет меток, Требуется 1-ая метка записи!
|
MARC
| LEADER | 00000nam a2200000 a 4500 | ||
|---|---|---|---|
| 001 | UCX9145 | ||
| 003 | CL-VaPUC | ||
| 008 | 940518e19930000CL |||||||||||||||||spa|d | ||
| 082 | 0 | 4 | |a 155.2 |b RIS |2 21 |
| 100 | 0 | |a Riso, Don Richard |e author |9 326472 | |
| 245 | 1 | 0 | |a Tipos de personalidad: el anagrama para descubrirse a sí mismo |
| 300 | |a 350 p | ||
| 942 | |c BK | ||
| 945 | |d 19940518 00:00:00 |a rbrito | ||
| 260 | |a Santiago |b Cuatro Vientos |c 1993 | ||
| 650 | 0 | |a Personalidad |9 307255 | |
| 650 | 7 | |a TIPOS PSICOLOGICOS |2 CL-VaPUC |9 311445 | |
| 650 | 7 | |a INDIVIDUALIDAD |2 CL-VaPUC |9 268124 | |
| 583 | |a last modification |c 19940518 00:00:00 |k Rodrigo Vera | ||
| 999 | |c 228464 |d 228462 | ||
| 952 | |0 0 |1 0 |4 0 |6 155_200000000000000_RIS_1993 |7 0 |8 A |9 228583 |a BIBEDU |b BIBEDU |d 2019-11-15 |i 297939K |o 155.2 RIS 1993 |p 297939K |r 2019-11-15 |w 2019-11-15 |y BK |k EDU | ||
| 952 | |0 0 |1 0 |4 0 |6 155_200000000000000_RIS_1993 |7 0 |8 A |9 228584 |a BIBEDU |b BIBEDU |d 2019-11-15 |i 3428613 |o 155.2 RIS 1993 |p 3428613 |r 2019-11-15 |w 2019-11-15 |y BK |k PSI | ||
| 952 | |0 0 |1 0 |4 0 |6 155_200000000000000_RIS_1993 |7 0 |8 A |9 228585 |a BIBEDU |b BIBEDU |d 2019-11-15 |i 3428621 |o 155.2 RIS 1993 |p 3428621 |r 2019-11-15 |w 2019-11-15 |y BK |k PSI | ||